000 01370cab a2200205 4500
001 L130171
008 050630n2005 000 0 eng u
035 _a(Sirsi) u130171
041 _aeng
100 _aGordon, Warren
245 _aCase law
_bCrestfort and others v Tesco Stores and Magspeed
260 _c2005
490 _aProperty Week
_v70(24) 17 June 2005, 71(1)
490 _aEstates Gazette
_v[2005] 37 EG 148-160(13)
520 _aDiscusses the case, "Crestfort and others v Tesco Stores and Magspeed" (L130057) which considered the provisions of Tesco's sublease. Tesco had gone ahead with a subletting to Magspeed despite their landlords', Crestfort and others, refusal on the grounds that the terms of the sublease contained watered-down provisions. Crestfort began proceedings to remove Magspeed and take out an injunction requiring Magspeed to surrender its lease to Tesco. The court agreed with the landlords and held that Tesco was in breach of covenant when it granted the subletting and also that Magspeed was liable in damages to Crestfort because it had interfered in the landlords and tenant contract.
590 _aIKA040705
650 _aCRESTFORT LIMITED AND OTHERS V TESCO STORES LIMITED AND ANOTHER
690 _aPROPERTY-COMMERCIAL PROPERTY-LEASEHOLD COMMERCIAL PROPERTY-COMMERCIAL LANDLORD AND TENANT-COMMERCIAL LEASES
942 _n0
999 _c75484
_d75484